Koncepcia autonómneho jedinca v liberálnom štáte

Bibliographic Details
Main Author: Kuvíčková, Vladimíra (Author)
Format: Article
Language:Slovak
ISSN:0032-6984
Subjects:

MARC

LEADER 00000nab a2200000 a 4500
001 vtls000629872
003 SK-MaSNL
005 20260304085319.0
008 250425c1997 xo 0 slo
015 |a SNBRB19rr/mm-uuuuu 
035 |a CL0630011 
035 |a urn:nbn:sk:snk-ab2962 
035 |a (urnnbn)urn:nbn:sk:snk:ar-a01z5c 
035 |a (uuid)62deb42c-9eee-4fc2-91f7-391f73e25ef5 
040 |a SNKBUCL  |b slo  |c SNKBUCL  |e AACR2 
041 0 |a slo 
044 |a xo  |c SK 
080 |a 301.15/.18:342.3  |2 1981 
080 |a 342.3  |2 1981 
100 1 |a Kuvíčková, Vladimíra  |4 aut  |9 1162735 
245 1 0 |a Koncepcia autonómneho jedinca v liberálnom štáte  |c Vladimíra Kuvíčková 
650 0 7 |a spoločnosť liberálna  |2 snkbucl  |9 1378628 
650 0 7 |a občianstvo  |2 snkbucl  |9 24106 
650 0 7 |a osobná autonómia  |2 snkbucl  |9 155425 
655 7 |a články z novín a časopisov  |2 snkbucl  |9 267496 
773 0 |t Právny obzor  |g Roč. 80, č. 3 (1997), s. 369-371  |x 0032-6984 
850 |a Slovenská národná knižnica 
852 |a Slovenská národná knižnica 
954 |a odborná, vedecká literatúra pôvodná (slovenská)  |2 lita 
958 |a article27 
958 |a RK 
958 |a OND 
958 |a EUIPO 
992 |a RBX 
999 |c 2807464  |d 2809394